As mil cores do sorriso da Maria (Registo nº 6086)

Detalhes MARC
000 -Etiqueta do registo
Valores 00769nam 22002533 4500
010 ## - Número ISBN
ISBN 9789892602691
021 ## - Número do Depósito Legal
Número 344347/12
100 ## - Dados gerais de processamento
Dados gerais 20251022d2012 u||y0pory50 ba
200 ## - Titulo e menção de responsabilidade
Título próprio As mil cores do sorriso da Maria
Primeira menção de responsabilidade Ana Daniel Soares, Ana Luísa Costa, João Carlos Ramos
210 ## - Publicação
Local de publicação Coimbra
Nome do editor Imprensa da Universidade de Coimbra
Data de publicação 2012
215 ## - Descrição física 
Paginação / Volumes [41] p.
Outras indicações físicas il.
225 ## - Colecção 
Título próprio da colecção Descobrir as ciências
606 ## - Nome comum usado como assunto
ID Autoridade 588
Palavra de ordem Saúde
606 ## - Nome comum usado como assunto
ID Autoridade 29
Palavra de ordem Publicação para crianças
675 ## - CDU
Notação 087.5
Edição BN
Língua por
675 ## - CDU
Notação 61
Edição BN
Língua por
700 ## - Autor principal (pessoa individual)
ID Autoridade 5795
Apelido Soares
Nome Ana Daniela
701 ## - Co-autor principal (pessoa individual)
ID Autoridade 5796
Apelido Costa
Nome Ana Luísa
701 ## - Co-autor principal (pessoa individual)
ID Autoridade 5797
Apelido Ramos
Nome João Carlos
801 ## - Fonte de origem
País PT
Agência BEN2VN
Regras de catalogação RPC
830 ## - Notas gerais do catalogador
Criado por Tânia Croca
Data de criação 22/10/2025
990 ## - Elementos KOHA
Tipo de documento Livro
Exemplares
Situação do levantamento Biblioteca de origem Código de barras Cota Permissão de empréstimo Tipo de documento Forma de aquisição
  Biblioteca Municipal de Vendas Novas 100000018172 DC SOA/MIL   Livro  
  Biblioteca Escola Nº2 Vendas Novas 100000003776 DC SOA/MIL   Livro  
  Biblioteca Escola Nº2 Vendas Novas 100000000041 DC SOA/MIL   Livro  

Powered by Koha